| 000 | 01433nam0a22002531 4500 | ||
|---|---|---|---|
| 001 | rc\3598991 | ||
| 005 | 20250610045843.0 | ||
| 035 | _a(NLR Aleph) 007706276 | ||
| 090 |
_a6802054 _c6802054 |
||
| 100 | _a20130115d1972 |||y0rusy50 ca | ||
| 101 | 0 | _arus | |
| 102 | _aRU | ||
| 105 | _ay z ||||| | ||
| 200 | 1 |
_a[Тезисы докладов] _fМ-во сел. хоз-ва СССР. Всесоюз. акад. с.-х. наук им. В.И. Ленина. Центр. правл. Науч.-техн. о-ва сел. хоз-ва. Симпозиум "Профилактика и меры борьбы с лептоспирозом и листериозом с.-х. животноводческих хоз-вах". г. Новочеркасск, 26-28 сент. 1972 г. |
|
| 210 |
_aМосква _cБ. и. _d1972 |
||
| 215 |
_a[2], 111 с. _d21 |
||
| 333 | _aДля служебного пользования. Экз. № 00024 | ||
| 532 | 1 | 3 | _aТезисы докладов |
| 710 | 1 | 2 | _a"Профилактика и меры борьбы с лептоспирозом и листериозом сельскохозяйственных животных в крупных специализированных животноводческих хозяйствах", симпозиум (1972; Новочеркасск) |
| 801 | 0 |
_aRU _bNLR _gpsbo |
|
| 801 | 1 |
_aRU _bELAR _2rusmarc |
|
| 852 |
_aNLR _j72-50к/4414 |
||
| 942 | _cBOOK | ||
| 980 | _aNB | ||